Digital image sequence processing, compression, and analysis / (Record no. 175574)
[ view plain ]
| 000 -LEADER | |
|---|---|
| fixed length control field | 01133 a2200205 4500 |
| 003 - CONTROL NUMBER IDENTIFIER | |
| control field | Nust |
| 005 - DATE AND TIME OF LATEST TRANSACTION | |
| control field | 20220804140903.0 |
| 010 ## - LIBRARY OF CONGRESS CONTROL NUMBER | |
| LC control number | 2004045491 |
| 020 ## - INTERNATIONAL STANDARD BOOK NUMBER | |
| International Standard Book Number | 0849315263 (alk. paper) |
| 040 ## - CATALOGING SOURCE | |
| Transcribing agency | Nust |
| 082 00 - DEWEY DECIMAL CLASSIFICATION NUMBER | |
| Classification number | 621.367,DIG |
| 245 00 - TITLE STATEMENT | |
| Title | Digital image sequence processing, compression, and analysis / |
| Statement of responsibility, etc. | edited by Todd R. Reed. |
| 260 ## - PUBLICATION, DISTRIBUTION, ETC. | |
| Place of publication, distribution, etc. | Boca Raton : |
| Name of publisher, distributor, etc. | CRC Press, |
| Date of publication, distribution, etc. | c2005. |
| 300 ## - PHYSICAL DESCRIPTION | |
| Extent | 272 p. : |
| Other physical details | ill. ; |
| Dimensions | 25 cm. |
| 505 ## - FORMATTED CONTENTS NOTE | |
| Formatted contents note | Introduction (Page-1), Content Based Image Sequence Representation (Page-5), The Computation of Motion (Page-73), Motion Analysis and Displacement Estimation in the Frequency Domain (Page-109), Quality of Service Assessment in New Generation Wireless Video Communications (Page-135), Error Concealment in Digital Video (Page-151), Image Sequence Restoration (Page-177), Video Summarization (Page-215), High Resolution Images from a Sequence of Low Resolution Observations (Page-233). |
| 650 #0 - SUBJECT ADDED ENTRY--TOPICAL TERM | |
| Topical term or geographic name entry element | Telecommunication Engineering. |
| 700 1# - ADDED ENTRY--PERSONAL NAME | |
| Personal name | Reed, Todd Randall. |
| 9 (RLIN) | 96546 |
| 856 42 - ELECTRONIC LOCATION AND ACCESS | |
| Materials specified | Publisher description |
| Uniform Resource Identifier | <a href="http://www.loc.gov/catdir/enhancements/fy0646/2004045491-d.html">http://www.loc.gov/catdir/enhancements/fy0646/2004045491-d.html</a> |
| 942 ## - ADDED ENTRY ELEMENTS (KOHA) | |
| Koha item type | Reference |
| Source of classification or shelving scheme | |
| Withdrawn status | Lost status | Source of classification or shelving scheme | Damaged status | Not for loan | Permanent Location | Current Location | Shelving location | Date acquired | Full call number | Barcode | Date last seen | Price effective from | Koha item type | Public note |
|---|---|---|---|---|---|---|---|---|---|---|---|---|---|---|
| Military College of Signals (MCS) | Military College of Signals (MCS) | Reference | 12/12/2016 | 621.367,DIG | MCS31454 | 12/08/2016 | 12/12/2016 | Reference | Almirah No.20, Shelf No.5 |
